000 00415nam a2200121Ia 4500
008 220615s9999||||xx |||||||||||||| ||und||
100 _aSara Palermo||Rosalba Morese
245 4 _aThe New Forms of Social Exclusion
546 _aEnglish[eng]
650 _aSocial Sciences||Social Sciences and Humanities||Social Psychology
856 _uhttps://www.intechopen.com/books/the-new-forms-of-social-exclusion
942 _cEB
999 _c7923
_d7923